Guía de árboles : (Registro nro. 1944)

Detalles MARC
000 -CABECERA
Campo de control 00742nam a2200229 i 4500
005 - FECHA Y HORA DE LA ULTIMA TRANSACCION
Campo de control 20170616020002.0
008 - ELEMENTOS DE LONGITUD FIJA—INFORMACION GENERAL
Campo de control 140303b1999 ck ||||| |||| 00| 0 spa d
040 ## - FUENTE DE CATALOGACIÓN
Agencia catalogadora original CO-BoIAVH
Agencia transcriptora CO-BoIAVH
041 ## - IDIOMA
Código de idioma para texto/pista de sonido o título separado Español
044 ## - PAÍS DE PUBLICACIÓN
País de publicación Colombia
082 04 - NUMERO DE CLASIFICACION DECIMAL DEWEY
Número de clasificación 582.16
Número del ítem M72g
100 1# - ASIENTO PRINCIPAL--NOMBRE PERSONAL
Nombre personal Molina P., Luis Fernando
9 (RLIN) 58880
245 10 - MENCION DE TITULO
Título Guía de árboles :
Parte restante del título Santafé de Bogotá /
Mención de responsabilidad Luis Fernando Molina P.
250 ## - MENCION DE EDICION
Mención de edición Segunda edicióm
260 ## - PUBLICACION, DISTRIBUCION, ETC. (PIE DE IMPRENTA)
Lugar de publicación, distribución, etc. Bogotá :
Nombre del editor, distribuidor, etc. DAMA,
Fecha de publicación, distribución, etc. 1999.
300 ## - DESCRIPCION FISICA
Extensión 166 páginas
650 14 - ASIENTO SECUNDARIO DE MATERIA - TERMINO TEMATICO
Término temático o nombre geográfico como elemento de entrada Arboles
Subdivisión general Identificación
Subdivisión de forma Guías
Subdivisión geográfica Colombia.
9 (RLIN) 58881
650 24 - ASIENTO SECUNDARIO DE MATERIA - TERMINO TEMATICO
Término temático o nombre geográfico como elemento de entrada Arboles ornamentales
Subdivisión geográfica Colombia.
9 (RLIN) 58882
700 1# - ASIENTO SECUNDARIO - NOMBRE PERSONAL
Nombre personal González G., Mauricio,
Término de relación autor.
9 (RLIN) 13842
700 1# - ASIENTO SECUNDARIO - NOMBRE PERSONAL
Nombre personal Sánchez J., Gabriel Jaime,
Término de relación autor.
9 (RLIN) 13843
942 ## - ELEMENTOS ADICIONALES (KOHA)
Tipo de ítem Libro
Sistema de clasificación Dewey Decimal Classification
Koha issues (borrowed), all copies 2
Existencias
Withdrawn status Lost status Sistema de Clasificación Damaged status No para préstamo Colección Inventariado Ubicación Permanente Ubicación actual Fecha de adquisición Valor Total Checkouts Número topográfico Inventario / Código de Barras Date last seen Date checked out Ejemplar Price effective from Forma de adquisición Tipo de material
    Dewey Decimal Classification     General Inventariado 2017 Bogotá Bogotá 26/01/2001 39000.00 2 LB-582.16 M72g 003670 15/06/2017 15/06/2017 Ej. 1 04/12/2012   Libro